Quick Pick: Fortnite Locations Quiz Stats

 Plays Quiz Updated Jun 25, 2018

Score 0/20 Timer 01:00
5 Plays Today
% Correct
Divot
89.5%
Woods
89.3%
Towers
89.2%
Grove
89.2%
Junction
89.1%
Haunted
88.9%
Pleasant
88.8%
Springs
88.8%
Shifty
88.7%
Acres
88.6%
% Correct
Mire
88.3%
Loot
88.2%
Landing
87.9%
Tomato
87.8%
Lodge
87.8%
Fatal
87.8%
Retail
87.6%
Snobby
87.3%
Flush
87.1%
Risky
86.1%

Today's Daily Dose

Missing Word
Sherlocks

Word Ladder
King of the Hill

Quick Pick
Songs in Pink

Get the Picture
NBA Teammates

You're not logged in!

Compare scores with friends on all Sporcle quizzes.
OR
Log In

Sporcle TV

Today on Sporcle TV


Watch our educational content, quiz creation guides, and fun videos on Sporcle TV.

Show Comments

Extras

Top Quizzes Today


Score Distribution

Your Account Isn't Verified!

In order to create a playlist on Sporcle, you need to verify the email address you used during registration. Go to your Sporcle Settings to finish the process.

Report this User

Report this user for behavior that violates our Community Guidelines.

Details: